| 000 | 00758nam a22001937a 4500 | ||
|---|---|---|---|
| 999 |
_c15220 _d15220 |
||
| 003 | OSt | ||
| 082 | _2631.75807 DIV/DE | ||
| 088 | _aP 111 | ||
| 100 |
_aDIVYA RAJU _92792 |
||
| 245 | _aDevelopment of ralationship between steady state infiltration rate and physical properties of soil | ||
| 260 |
_aTavanur 2001 _bKelappaji College of Agricultural Engineering and Technology |
||
| 300 | _a61 | ||
| 500 | _aDevelopment of ralationship between steady state infiltration rate and physical properties of soil | ||
| 520 | _aDevelopment of ralationship between steady state infiltration rate and physical properties of soil | ||
| 700 |
_aJimmy Gopalakrishnan _92811 |
||
| 700 |
_aSunitha V. B _92812 |
||
| 700 |
_aEr. Sathian K. K (Guide) _92770 |
||
| 942 | _cPR | ||